[Event "POL-chT2"]
[Site "Augustow"]
[Date "1997.??.??"]
[Round "?"]
[White "Maka, Marcin"]
[Black "Maka, Magdalena"]
[Result "1/2-1/2"]
[WhiteElo "2045"]
[BlackElo "2025"]
[PlyCount "28"]
[EventDate "1997.??.??"]
[EventType "team"]
[EventRounds "9"]
[EventCountry "POL"]
[SourceTitle "EXT 2003"]
[Source "ChessBase"]
[SourceDate "2002.11.25"]
[SourceVersion "1"]
[SourceVersionDate "2002.11.25"]
[SourceQuality "1"]

1. e4 c6 2. d4 d5 3. Nd2 dxe4 4. Nxe4 Nd7 5. Bd3 Ngf6 6. Ng5 e6 7. N1f3 h6 8. Nxe6 Qe7 9. 0-0 fxe6 10. Bg6+ Kd8 11. Bf4 Qb4 12. Qd3 Be7 13. a3 Qa4 14. c4 Nf8 1/2-1/2

[Event "POL-chT2"]
[Site "Augustow"]
[Date "1997.??.??"]
[Round "?"]
[White "Maka, Marcin"]
[Black "Maka, Marcin"]
[Result "1/2-1/2"]
[WhiteElo "2045"]
[BlackElo "2045"]
[PlyCount "29"]
[EventDate "1997.??.??"]
[EventType "team"]
[EventRounds "9"]
[EventCountry "POL"]
[SourceTitle "EXT 2003"]
[Source "ChessBase"]
[SourceDate "2002.11.25"]
[SourceVersion "1"]
[SourceVersionDate "2002.11.25"]
[SourceQuality "1"]

1. Nf3 c5 2. c4 g6 3. g3 Bg7 4. Bg2 Nc6 5. Nc3 d6 6. 0-0 Nf6 7. d3 0-0 8. Rb1 e5 9. e4 Be6 10. Nd5 Bxd5 11. cxd5 Nd4 12. Nxd4 exd4 13. f4 Nd7 14. Bd2 f5 15. exf5 1/2-1/2